ख़ामोशी के उस पार : (Record no. 117045)

MARC details
000 -LEADER
fixed length control field 01328nam a22002657a 4500
005 - DATE AND TIME OF LATEST TRANSACTION
control field 20170124103048.0
010 ## - LIBRARY OF CONGRESS CONTROL NUMBER
LC control number B-075137
020 ## - INTERNATIONAL STANDARD BOOK NUMBER
Terms of availability 325.00
International Standard Book Number 8170559936
035 ## - SYSTEM CONTROL NUMBER
System control number B-075137
037 ## - SOURCE OF ACQUISITION
Source of stock number/acquisition Cen Lib/Ret
040 ## - CATALOGING SOURCE
Original cataloging agency DPL
Language of cataloging HN
082 ## - DEWEY DECIMAL CLASSIFICATION NUMBER
Classification number
Item number बुटालि
100 ## - MAIN ENTRY--PERSONAL NAME
Personal name बुटालिया, उर्वशी
9 (RLIN) 69792
245 ## - TITLE STATEMENT
Title ख़ामोशी के उस पार :
Statement of responsibility, etc उर्वशी बुटालिया;अनुवादक राजीवकुमार
Remainder of title भारत-विभाजन के त्रासद स्वर /
246 ## - VARYING FORM OF TITLE
Title proper/short title Khamoshi ke us paar : bharat-vibhajan ke trasad swar/
Remainder of title by Urvashi Butaliya;anuvadak Rajivkumar Shrivastava
260 ## - PUBLICATION, DISTRIBUTION, ETC. (IMPRINT)
Place of publication, distribution, etc नयी दिल्ली
Name of publisher, distributor, etc वाणी प्रकाशन
Date of publication, distribution, etc 2002
270 ## - ADDRESS
Address 21-ए, दरियागंज
City नयी दिल्ली
Postal code 110002
300 ## - PHYSICAL DESCRIPTION
Extent 315पृ.
Dimensions 21सेमी (सजिल्द)
650 ## - SUBJECT ADDED ENTRY--TOPICAL TERM
Topical term or geographic name as entry element हिन्दी साहित्य
9 (RLIN) 69793
650 ## - SUBJECT ADDED ENTRY--TOPICAL TERM
Topical term or geographic name as entry element हिन्दी साहित्य -- कहानियाँ
9 (RLIN) 69794
650 ## - SUBJECT ADDED ENTRY--TOPICAL TERM
Topical term or geographic name as entry element Hindi literature
9 (RLIN) 69795
650 ## - SUBJECT ADDED ENTRY--TOPICAL TERM
Topical term or geographic name as entry element Hindi literature -Stories
9 (RLIN) 69796
700 ## - ADDED ENTRY--PERSONAL NAME
Personal name श्रिवास्तव, राजीवकुमार
9 (RLIN) 49095
942 ## - ADDED ENTRY ELEMENTS (KOHA)
Source of classification or shelving scheme Dewey Decimal Classification
Koha item type Hindi Books
Classification part
Call number suffix बुटालि
Holdings
Withdrawn status Lost status Damaged status Not for loan Home library Current library Date acquired Source of acquisition Cost, normal purchase price Total Checkouts Full call number Barcode Date last seen Copy number Cost, replacement price Price effective from Koha item type
        Central Library Central Library 26/08/2015 Cen Lib/Ret 325.00   क बुटालि B-075137 26/08/2015 1 325.00 26/08/2015 Hindi Books

© Delhi Public Library
Hit Counter
free hit counter